000 00317nam a22001337a 4500
008 181016b xxu||||| |||| 00| 0 eng d
020 _a1560550708
041 _aeng
080 _a617
100 _a8
101 _aOFT
245 _aSurgery of the Eyelid, Orbit, and Lacrimal System
_cStewart,W.B
942 _2udc
_cBK
999 _c49835
_d49835